000 00822nam a22002417a 4500
999 _c65916
_d65916
005 20240530110849.0
008 200912s2019 ua a f b 000 0dara d
017 _a2018/22710
_bمصر. دار الكتب
020 _a9789777801515
040 _aEG-CaGPL
_cEG-CaGPL
082 0 4 _221
_a006.66\
_bع ت
100 0 _aعمرو يوسف
245 1 0 _aتقنيات التصميم التجريبى باستخدام E PRIME /
_cعمرو يوسف
250 _aط.1
260 _aالقاهرة :
_bعالم الكتب،
_c2019
300 _a392 ص. ؛
_c24 سم.
504 _aيشتمل على ارجاعات ببليوجرافية
650 0 7 _aتصميم النظم
_2qrmak
650 0 7 _aتحليل النظم
_2qrmak
651 _2qrmak
942 _2ddc
_cBK